00688nam a2200181 i 450000100060000000300090000600500170001500700030003200800410003510000290007624501230010526000340022830000300026270000430029285200320033599900170036795201220038419736ES-MaACL20230906152145.0t|021009s1966 sp ||||1| spa d1 aAbramson, Norman,91814110aTeoría de la información y codificación / cpor Norman Abramson ; [traducido por Juan Antonio de Miguel Menoyo]. aMadrid : bParaninfo, c1966. a218 p. : bil. ; c22 cm.1 aMiguel Menoyo, Juan Antonio de.981028 aES-MaACLjC-30755 bR.60673 c19736d19736 00104070aATENEOMbATENEOMcDEPO2d2008-01-17eSCl0oC-30755p1020206r2023-02-23 00:00:00w2023-02-23yMONOGRAFIA